[Event "C.to Provinciale CO"]
[Site "Villa Guardia ITA"]
[Date "2013.01.27"]
[Round "6"]
[White "Guzzetti, Luigi Enrico"]
[Black "Moioli, Ferruccio"]
[WhiteElo "1917"]
[BlackElo "1648"]
[Result "1-0"]
[PlyCount "101"]
[EventDate "2013.01.19"]

1. e4 e5 2. Nf3 d6 3. d4 exd4 4. Nxd4 g6 5. Bc4 Qe7 6. O-O Bg7 7. Nc3 Nh6 8.
Nd5 Qd8 9. Nb5 Na6 10. Nd4 O-O 11. Bxa6 bxa6 12. Qd3 Ng4 13. Nf3 Nf6 14. Bg5 h6
15. Nxf6+ Bxf6 16. Bxh6 Re8 17. Bc1 Kg7 18. c3 Rh8 19. Bf4 Rb8 20. b3 Rb5 21.
Rad1 Bb7 22. e5 dxe5 23. Qxd8 Rxd8 24. Rxd8 Bxf3 25. Rd2 Bxg2 26. Kxg2 exf4 27.
c4 Rc5 28. Rd5 Rc6 29. Re1 a5 30. Kf3 a4 31. Kxf4 axb3 32. axb3 Bc3 33. Re3 Bb4
34. Kg4 Bd6 35. h4 a6 36. h5 f6 37. hxg6 Kxg6 38. Re6 Kf7 39. Kf5 Rb6 40. Rxf6+
Ke7 41. Re6+ Kf7 42. Re3 Bh2 43. Rf3 Bd6 44. Ke4+ Ke7 45. Kd4 c5+ 46. Kc3 Kd7
47. Rf7+ Kc6 48. f4 Rb8 49. Rf6 Rd8 50. Re6 Kc7 51. f5 1-0

[Event "C.to Provinciale CO"]
[Site "Villa Guardia ITA"]
[Date "2013.01.27"]
[Round "6"]
[White "Liscio, Giovanni"]
[Black "Coppola, Guido"]
[WhiteElo "1999"]
[BlackElo "1992"]
[Result "0-1"]
[PlyCount "48"]
[EventDate "2013.01.19"]

1. d4 Nf6 2. c4 g6 3. g3 Bg7 4. Bg2 O-O 5. Nf3 d6 6. Nc3 Nbd7 7. e4 e5 8. d5
Nc5 9. Bg5 a5 10. O-O h6 11. Bxf6 Qxf6 12. Ne1 Qe7 13. Nd3 Nxd3 14. Qxd3 f5 15.
Bh1 f4 16. Bg2 g5 17. h3 Qf7 18. Rfe1 h5 19. a4 g4 20. Kh2 h4 21. Rg1 gxh3 22.
Bxh3 hxg3+ 23. fxg3 Bxh3 24. Kxh3 Qh5+ 0-1

[Event "C.to Provinciale CO"]
[Site "Villa Guardia ITA"]
[Date "2013.01.27"]
[Round "6"]
[White "Longo, Giovanni"]
[Black "Bettinelli, Sergio"]
[WhiteElo "1661"]
[BlackElo "1323"]
[Result "1-0"]
[PlyCount "69"]
[EventDate "2013.01.19"]

1. e4 g6 2. d4 Bg7 3. c4 d6 4. Nc3 Nf6 5. Bd3 O-O 6. Nge2 Nc6 7. O-O Nb4 8. b3
Nxd3 9. Qxd3 b6 10. Bb2 a6 11. Rfd1 Bb7 12. d5 Nd7 13. Na4 Bxb2 14. Nxb2 Ne5
15. Qd2 Qd7 16. h3 Rae8 17. f4 Nf3+ 18. gxf3 Qxh3 19. Kf2 Qh4+ 20. Ke3 e5 21.
Rh1 Qf6 22. Nd3 b5 23. Rag1 exf4+ 24. Nexf4 Kh8 25. Qh2 Qg7 26. Ke2 bxc4 27.
bxc4 a5 28. Nh5 Qh6 29. Nf6 Qxh2+ 30. Rxh2 Kg7 31. Nxe8+ Rxe8 32. Nf4 c6 33.
Nh5+ Kh8 34. Nf6 Ra8 35. Rxh7# 1-0

[Event "C.to Provinciale CO"]
[Site "Villa Guardia ITA"]
[Date "2013.01.27"]
[Round "6"]
[White "Primerano, Carlo"]
[Black "Rosini, Luca Ungaro"]
[WhiteElo "1784"]
[BlackElo "1368"]
[Result "1/2-1/2"]
[PlyCount "86"]
[EventDate "2013.01.19"]

1. d4 Nf6 2. c4 g6 3. Nc3 Bg7 4. e4 d6 5. f3 Nbd7 6. Be3 e5 7. d5 O-O 8. g4 a5
9. Nge2 Rb8 10. Ng3 b6 11. h4 Ba6 12. Qd2 Nc5 13. h5 Qd7 14. hxg6 fxg6 15. Qh2
Bh8 16. Be2 Rf7 17. O-O-O b5 18. cxb5 Bxb5 19. Bxb5 Rxb5 20. Nxb5 Qxb5 21. Bxc5
Qxc5+ 22. Kb1 Nd7 23. Qe2 Bf6 24. Rc1 Qb6 25. Rc6 Qb7 26. Rhc1 Nc5 27. Rc2 Rf8
28. Nh1 Bh4 29. R2xc5 dxc5 30. Rxc5 Ra8 31. Nf2 Be7 32. Rb5 Qa7 33. a4 Rb8 34.
Rxb8+ Qxb8 35. Qb5 Qb6 36. Qxb6 cxb6 37. Kc2 Kf7 38. Kb3 Bd8 39. Kc4 Ke7 40.
Kb5 Kd6 41. b3 h5 42. gxh5 gxh5 43. Nh3 h4 1/2-1/2

[Event "C.to Provinciale CO"]
[Site "Villa Guardia ITA"]
[Date "2013.01.27"]
[Round "6"]
[White "Puppi, Simone"]
[Black "Laricini, Alberto"]
[WhiteElo "1551"]
[BlackElo "1801"]
[Result "1/2-1/2"]
[PlyCount "133"]
[EventDate "2013.01.19"]

1. e4 Nf6 2. e5 Nd5 3. d4 d6 4. Nf3 Bg4 5. Be2 Nc6 6. O-O e6 7. Re1 Be7 8. a3
O-O 9. c4 Nb6 10. exd6 cxd6 11. d5 exd5 12. cxd5 Nb8 13. Nc3 N8d7 14. Nd4 Bxe2
15. Rxe2 Rc8 16. Nf5 Re8 17. Nb5 Rc5 18. Nbxd6 Rxd5 19. Nxe7+ Rxe7 20. Rd2 Rde5
21. Kf1 Qc7 22. b3 Re1+ 23. Qxe1 Rxe1+ 24. Kxe1 Qc6 25. f3 Qc3 26. Rb1 Qe5+ 27.
Ne4 Qxh2 28. Kd1 f5 29. Nd6 Qg1+ 30. Kc2 Qc5+ 31. Kb2 Qc6 32. Ka2 g6 33. Bb2
Nd5 34. Nc4 b5 35. Ne5 Nxe5 36. Bxe5 Nc3+ 37. Bxc3 Qxc3 38. Rbb2 Qc7 39. Rbc2
Qe7 40. Rc8+ Kg7 41. Rcd8 Kh6 42. R8d7 Qe3 43. R7d3 Qe6 44. Rd6 Qe1 45. Rd1 Qc3
46. R1d2 a5 47. R6d3 Qc1 48. Rb2 a4 49. bxa4 Qc4+ 50. Ka1 Qxd3 51. axb5 Qxa3+
52. Kb1 Qe7 53. b6 Qb7 54. Ka2 Kg5 55. Rb4 h5 56. Kb3 Kf6 57. Ka4 g5 58. Kb5
Ke6 59. Rc4 Kd6 60. Rc7 Qxc7 61. bxc7 Kxc7 62. Kc5 g4 63. fxg4 fxg4 64. Kd5 h4
65. Ke4 h3 66. gxh3 gxh3 67. Kf3 1/2-1/2

[Event "C.to Provinciale CO"]
[Site "Villa Guardia ITA"]
[Date "2013.01.27"]
[Round "6"]
[White "Revinelli, Sergio"]
[Black "Nastasi, Ivano"]
[WhiteElo "1824"]
[BlackElo "1706"]
[Result "1-0"]
[PlyCount "71"]
[EventDate "2013.01.19"]

1. e4 c5 2. Nf3 d6 3. d4 cxd4 4. Nxd4 Nf6 5. Nc3 a6 6. Be2 Bd7 7. a4 e6 8. O-O
Nc6 9. Nb3 Be7 10. Be3 Na5 11. Nxa5 Qxa5 12. Qd2 h6 13. f4 Bc6 14. Bf3 Rd8 15.
Kh1 d5 16. e5 Nd7 17. Ne2 Qxd2 18. Bxd2 Nc5 19. b3 g6 20. Nd4 Bd7 21. Bb4 Rc8
22. Be2 Nxb3 23. Bxe7 Nxa1 24. Bf6 Nxc2 25. Nxc2 Rxc2 26. Bd1 Rc1 27. Bxh8 b5
28. axb5 Bxb5 29. Rg1 Kd7 30. g4 a5 31. Bg7 d4 32. Kg2 a4 33. Bf8 Ra1 34. Kf2
a3 35. Bb3 Rxg1 36. Kxg1 1-0

[Event "C.to Provinciale CO"]
[Site "Villa Guardia ITA"]
[Date "2013.01.27"]
[Round "6"]
[White "Salvade', Ettore"]
[Black "Napoli, Ferdinando"]
[WhiteElo "1574"]
[BlackElo "1723"]
[Result "0-1"]
[PlyCount "90"]
[EventDate "2013.01.19"]

1. e4 c5 2. Nf3 d6 3. Bc4 e6 4. O-O Nc6 5. Re1 Qc7 6. Nc3 a6 7. a3 Nf6 8. d3
Be7 9. Bg5 b5 10. Ba2 Bb7 11. Ne2 O-O 12. Ng3 Rfd8 13. Qd2 Ne5 14. Qe2 Nxf3+
15. Qxf3 Rac8 16. c4 h6 17. Bxf6 Bxf6 18. Rab1 Bc6 19. Nh5 Bd4 20. Nf4 Be5 21.
cxb5 axb5 22. Nxe6 fxe6 23. Bxe6+ Kh8 24. Bxc8 Qxc8 25. Re2 Rf8 26. Qh5 Qe6 27.
b3 Be8 28. Qh4 g5 29. Qh3 Qxh3 30. gxh3 Bh5 31. Rd2 Rf3 32. Kg2 Bc3 33. Rdd1
Rf8 34. Rdc1 b4 35. a4 Be2 36. Rxc3 bxc3 37. Rc1 Bxd3 38. Rxc3 Bxe4+ 39. Kg3
Kg7 40. Re3 Re8 41. f3 Bc6 42. Rxe8 Bxe8 43. a5 Bb5 44. Kf2 Kf6 45. Ke3 d5 0-1

[Event "C.to Provinciale CO"]
[Site "Villa Guardia ITA"]
[Date "2013.01.27"]
[Round "6"]
[White "Tavasci, Alfio"]
[Black "Ghelfi, Giancarlo"]
[WhiteElo "1640"]
[BlackElo "1642"]
[Result "0-1"]
[PlyCount "76"]
[EventDate "2013.01.19"]

1. d4 Nf6 2. c4 g6 3. Nc3 Bg7 4. e4 d6 5. Bd3 O-O 6. Nge2 Nc6 7. a3 e6 8. f3
Bd7 9. Be3 e5 10. d5 Ne7 11. b4 Nc8 12. O-O Rb8 13. Qc2 Ne7 14. c5 Ne8 15. a4
f5 16. b5 f4 17. Bf2 dxc5 18. Bxc5 b6 19. Bb4 a5 20. Ba3 Nd6 21. Rac1 Rc8 22.
Qb2 Kh8 23. Na2 Ng8 24. Rc3 Rf7 25. Rfc1 Bf8 26. R1c2 Nb7 27. Bc4 Bxa3 28. Qxa3
Nd6 29. Qc1 Nf6 30. Bb3 Nfe8 31. Qd2 Qf6 32. Nac1 g5 33. g3 fxg3 34. Nxg3 g4
35. Nh5 Qg6 36. Ng3 gxf3 37. Qd1 Nxe4 38. Rxf3 Bg4 0-1

[Event "C.to Provinciale CO"]
[Site "Villa Guardia ITA"]
[Date "2013.01.27"]
[Round "6"]
[White "Zerboni, Giuseppe"]
[Black "Mason, Giovanni"]
[WhiteElo "1541"]
[BlackElo "1656"]
[Result "0-1"]
[PlyCount "72"]
[EventDate "2013.01.19"]

1. Nf3 Nf6 2. g3 d6 3. Bg2 c6 4. d3 h6 5. e4 e5 6. Nbd2 Be7 7. O-O c5 8. Re1
O-O 9. Nf1 Nc6 10. c3 Bg4 11. h3 Be6 12. Be3 Qd7 13. Kh2 Kh7 14. Qc2 g5 15.
Rad1 Rac8 16. d4 cxd4 17. Nxd4 Kg7 18. Nf5+ Bxf5 19. exf5 b6 20. f4 Rfe8 21.
fxg5 hxg5 22. Kg1 Nh7 23. g4 Bf6 24. Ng3 Be7 25. Nh5+ Kh8 26. f6 Nxf6 27. Bxg5
Nxh5 28. Bxe7 Qxe7 29. gxh5 Rg8 30. Qd2 Qg5 31. Qe2 Rcd8 32. Kh1 Ne7 33. Rg1
Nf5 34. Qe1 Ng3+ 35. Kh2 Qf4 36. Rh1 Ne2+ 0-1